Suddendeath: Nenne alle Länder die Mitglied der G20 sind - Statistiken

Allgemein
  • Dieses Quiz wurde 47 mal gespielt
  • Das Durchschnittsergebnis liegt bei 9 aus 19
Answers on the Grid
Answers color-coded by a green-red scale on the quiz's grid according to % correct below.
Ägypten
Argentinien
Australien
Bahrain
Brasilien
China
Dänemark
Deutschland
Frankreich
Großbritannien
Indien
Indonesien
Italien
Japan
Kanada
Katar
Kolumbien
Kuwait
Malaysia
Marokko
Mexiko
Neuseeland
Nordkorea
Norwegen
Peru
Philippinen
Polen
Russland
Saudi-Arabien
Schweden
Schweiz
Singapur
Spanien
Südafrika
Südkorea
Türkei
Ukraine
USA
Venezuela
Vereinigte Arabische Emirate
 
Antwortstatistiken
Antwort % Korrekt
Deutschland
87%
Frankreich
84%
Großbritannien
74%
Italien
66%
Japan
63%
USA
61%
Kanada
58%
Indien
50%
Brasilien
47%
China
45%
Australien
37%
Russland
37%
Türkei
34%
Indonesien
24%
Mexiko
21%
Argentinien
18%
Südkorea
18%
Saudi-Arabien
16%
Südafrika
16%
Keine übereinstimmenden Quizze gefunden
Verteilung der Resultate
Anzahl Personen mit jedem Resultat
Perzentil nach korrekt beantworteten Fragen
Ihre Resultats-Entwicklung
Sie haben dieses Quiz noch nicht gespielt